000
00225nam a2200097Ia 4500
008
230508s1996 xx 000 0 und d
041
_a
eng
100
_a
GITA PIRAMAL
245
_a
BUSINESS MANARJAS
260
_b
PING BOOK
_c
1996
999
_c
708294
_d
708294